| 000 | 01084nam a2200277 a 4500 | ||
|---|---|---|---|
| 001 | BRCA_8529 | ||
| 005 | 20190320210325.0 | ||
| 008 | 100816s1654----gw-a######---#001-0#ger-# | ||
| 041 | _ager | ||
| 044 | _agw | ||
| 050 | 4 |
_aTA545 _b.T67 _c1654 |
|
| 245 | 1 | 0 | _aTopographia und eigentliche beschreibung der vornembsten staete, schloesser auch anderer plaetze und orter in denen herzogthuemer braunschweig und luneburg und denen dazu gehorende grafschafften herrschafften und landen. |
| 260 |
_aFrankfurt _bMatthaei Merian´s Erbe _c1654 |
||
| 300 |
_a200 p. _bil. _c34 cm |
||
| 500 | _aFondo antiguo | ||
| 500 | _aSe encuentra en Caja Fuerte | ||
| 500 | _aCOG-251 | ||
| 500 | _aGrabado en portada | ||
| 500 | _aIncluye índice | ||
| 500 | _aEstado físico: diversas páginas del documento se encuentran desprendidas | ||
| 500 | _aNota de encuadernación: en piel pergamino | ||
| 506 | 0 | _aFondo reservado: para su consulta es necesario credencial de usuario y carta de motivos | |
| 650 | 1 | 4 |
_aTopografía _yTrabajos anteriores a 1800 _921395 |
| 902 | _aLAR | ||
| 942 |
_2lcc _cB |
||
| 999 |
_c8195 _d8195 |
||